Plus grandes aires urbaines de France (par régions) - Statistiques

Statistiques générales
  • Ce quiz a été pris 619 fois
  • Le résultat moyen est 29 sur 36
Statistiques - réponses
Région Nombre d'habitants Ville % Correct
Auvergne-Rhône-Alpes 2 237 676 Lyon
98%
Hauts-de-France 1 175 828 Lille
97%
Île-de-France 12 405 426 Paris
97%
Bretagne 700 675 Rennes
96%
Nouvelle-Aquitaine 1 178 335 Bordeaux
95%
Provence-Alpes-Côte d'Azur 1 734 277 Marseille
95%
Grand Est 773 447 Strasbourg
95%
Pays de la Loire 908 815 Nantes
94%
Provence-Alpes-Côte d'Azur 1 004 826 Nice
93%
Occitanie 1 291 517 Toulouse
93%
Bretagne 315 982 Brest
92%
Bourgogne-Franche-Comté 380 236 Dijon
90%
Corse 102 647 Ajaccio
88%
Auvergne-Rhône-Alpes 684 398 Grenoble
87%
Occitanie 579 401 Montpellier
87%
Corse 93 465 Bastia
86%
Normandie 405 409 Caen
85%
Normandie 290 037 Le Havre
84%
Normandie 660 256 Rouen
84%
Auvergne-Rhône-Alpes 515 240 Saint-Etienne
84%
Grand Est 432 788 Nancy
83%
Grand Est 389 898 Metz
82%
Centre-Val de Loire 425 495 Orléans
82%
Provence-Alpes-Côte d'Azur 611 978 Toulon
80%
Centre-Val de Loire 483 744 Tours
80%
Pays de la Loire 407 295 Angers
77%
Bourgogne-Franche-Comté 248 899 Besançon
71%
Bretagne 216 977 Lorient
70%
Pays de la Loire 346 686 Le Mans
69%
Occitanie 313 861 Perpignan
69%
Hauts-de-France 539 322 Douai-Lens
67%
Nouvelle-Aquitaine 283 050 Limoges
63%
Nouvelle-Aquitaine 291 443 Bayonne
50%
Centre-Val de Loire 145 886 Chartres
47%
Bourgogne-Franche-Comté 161 464 Montbéliard
36%
Hauts-de-France 369 795 Béthune
23%
Aucun quiz correspondant
Distribution des résultats
% des personnes avec chaque résultat
Percentile par nombre de réponses
Votre historique - résultats
Vous n’avez pas pris ce quiz